Nacionalidad y ciudadanía : (Registro nro. 5464)
[ vista simple ]
| 000 -LEADER | |
|---|---|
| fixed length control field | 01117nab a22002297a 4500 |
| 003 - CONTROL NUMBER IDENTIFIER | |
| control field | OSt |
| 005 - DATE AND TIME OF LATEST TRANSACTION | |
| control field | 20251113131553.0 |
| 008 - FIXED-LENGTH DATA ELEMENTS--GENERAL INFORMATION | |
| fixed length control field | 190604e xxu||||| |||| 00| 0 spa d |
| 040 ## - CATALOGING SOURCE | |
| Transcribing agency | PJ |
| 100 ## - MAIN ENTRY--PERSONAL NAME | |
| 9 (RLIN) | 6115 |
| Personal name | Pravato, Luis Emilio |
| 245 13 - TITLE STATEMENT | |
| Title | Nacionalidad y ciudadanía : |
| Remainder of title | breves reflexiones sobre la vigencia de la antigua ley 346 / |
| Statement of responsibility, etc | Luis Emilio Pravato. |
| 260 ## - PUBLICATION, DISTRIBUTION, ETC. (IMPRINT) | |
| Place of publication, distribution, etc | Ciudad Autónoma de Buenos Aires : |
| Name of publisher, distributor, etc | Thomson Reuters La Ley, |
| Date of publication, distribution, etc | 2025. |
| 300 ## - PHYSICAL DESCRIPTION | |
| Extent | p. 5-15 |
| 500 ## - GENERAL NOTE | |
| General note | Cita Online: TR LALEY AR/DOC/1501/2025.<br/> |
| 505 ## - FORMATTED CONTENTS NOTE | |
| Title | Sumario: Introducción.— II. El pensamiento de Alberdi.— III. La reforma constitucional de 1860.— IV. La ley 346.— V. La nacionalidad de la mujer casada.— VI. A modo de conclusión.<br/><br/> |
| 505 ## - FORMATTED CONTENTS NOTE | |
| Title | ¿Te interesa el texto completo? Solicitalo al correo: koha@justierradelfuego.gov.ar |
| 650 #0 - SUBJECT ADDED ENTRY--TOPICAL TERM | |
| 9 (RLIN) | 178 |
| Topical term or geographic name as entry element | DERECHO CONSTITUCIONAL |
| 650 #0 - SUBJECT ADDED ENTRY--TOPICAL TERM | |
| 9 (RLIN) | 6467 |
| Topical term or geographic name as entry element | NACIONALIDAD |
| 650 #0 - SUBJECT ADDED ENTRY--TOPICAL TERM | |
| 9 (RLIN) | 6468 |
| Topical term or geographic name as entry element | CIUDADANIA |
| 773 0# - HOST ITEM ENTRY | |
| Host Biblionumber | 2714 |
| Host Itemnumber | 3171 |
| Place, publisher, and date of publication | Ciudad Autónoma de Buenos Aires : Thomson Reuters La Ley, 2014- |
| Title | Revista anales de legislación argentina. Nº 7 - Julio 2025. |
| 942 ## - ADDED ENTRY ELEMENTS (KOHA) | |
| Source of classification or shelving scheme | |
| Koha item type | Analítica Artículo de Revista |
No hay ítems disponibles.
